| 000 | 00000nam 2200000zi 4500 |
| 001 | 9.939984 |
| 003 | CaOODSP |
| 005 | 20250129103506 |
| 006 | m o d f |
| 007 | cr |n||||||||| |
| 008 | 240628s2009 quca o f000 0 eng d |
| 020 | |z9780662066422 |
| 040 | |aCaOODSP|beng|erda|cCaOODSP |
| 043 | |an-cn--- |
| 086 | 1 |aEn4-109/2009E-PDF|zEn4-109/2009 |
| 245 | 00|aEnvironment Canada's meteorological service : |byour eye on weather. |
| 264 | 1|a[Ottawa] : |bEnvironment Canada = Environnement Canada, |c[2009] |
| 300 | |a1 online resource (4 unnumbered pages) : |bcolour illustrations |
| 336 | |atext|btxt|2rdacontent |
| 337 | |acomputer|bc|2rdamedia |
| 338 | |aonline resource|bcr|2rdacarrier |
| 500 | |aDigitized edition from print [produced by Environment and Climate Change Canada]. |
| 610 | 20|aMeteorological Service of Canada. |
| 610 | 20|aService météorologique du Canada. |
| 650 | 0|aWeather forecasting|zCanada. |
| 650 | 6|aTemps (Météorologie)|xPrévision|zCanada. |
| 651 | 0|aCanada|xClimate. |
| 651 | 6|aCanada|xClimat. |
| 710 | 1 |aCanada. |bEnvironment Canada, |eissuing body. |
| 856 | 40|qPDF|s1.13 MB|uhttps://publications.gc.ca/collections/collection_2024/eccc/en4/En4-109-2009-eng.pdf |